Deutschland: Geografie mit D - Statistiken

Allgemein
  • Dieses Quiz wurde 725 mal gespielt
  • Das Durchschnittsergebnis liegt bei 9 aus 16
Antwortstatistiken
Hinweis Antwort % Korrekt
Zweitlängster Fluss Europas, der unter anderem durch Ulm und Regensburg fließt Donau
100%
Fluss, der namensgebend für die nordrhein-westfälische Hauptstadt ist Düssel
94%
Stadt mit dem KFZ-Kennzeichen DU Duisburg
90%
Zu den Sehenswürdigkeiten dieser Stadt gehören der Zwinger und die Frauenkirche Dresden
88%
In zahlreichen deutschen Städten wie Mainz, Köln, Speyer und auch Berlin wird die größte Kirche so bezeichnet Dom
87%
Hessische Stadt, in der sich das Europäische Raumflugkontrollzentrum befindet und nach der ein chemisches Element benannt wurde Darmstadt
71%
Große Bucht der Nordsee, zu der das Wattenmeer und die Friesischen Inseln gehören {Deutsche} Bucht
56%
Über 200 km langer Kanal, der eine Ruhrgebietsmetropole mit der Nordsee verbindet {Dortmund}-Ems-Kanal
52%
Rechtsrheinischer Stadtteil von Köln, aus dem ein gleichnamiger Landmaschinenhersteller kommt Deutz
50%
Fluss durch Freiburg im Breisgau, nach dem das ehemalige Stadion des SC Freiburg benannt war Dreisam
47%
Landzunge in Koblenz an der Mündung der Mosel in den Rhein, auf der sich ein Denkmal von Kaiser Wilhelm I. befindet Deutsches Eck
37%
Prachtvolles Schloss in Königswinter bei Bonn mit einem mythologischen Namen {Drachen}burg
31%
Dreiteilige Halbinsel vor der Küste Mecklenburg-Vorpommerns Fischland-{Darß}-Zingst
28%
Schleswig-holsteinische Region an der Nordsee, die traditionell für den Anbau von Kohl bekannt ist und deren größte Stadt Heide ist Dithmarschen
20%
Wohlhabender Stadtteil im Westen Berlins, in dem sich auch die Freie Universität befindet Dahlem
19%
Stadt in Mittelfranken, die ähnlich wie Rothenburg ob der Tauber eine sehr gut erhaltene mittelalterliche Altstadt besitzt Dinkelsbühl
15%
Keine übereinstimmenden Quizze gefunden
Verteilung der Resultate
Anzahl Personen mit jedem Resultat
Perzentil nach korrekt beantworteten Fragen
Ihre Resultats-Entwicklung
Sie haben dieses Quiz noch nicht gespielt